| 000 | 01075nam0a2200277 4500 | ||
|---|---|---|---|
| 001 | RU\NLR\BIBL_A\022435289 | ||
| 005 | 20250810075824.0 | ||
| 035 | _a(NLR Aleph) 022435289 | ||
| 090 |
_a13347848 _c13347848 |
||
| 100 | _a20250124d1942 m y0rusy50 ca | ||
| 101 | 0 | _akaz | |
| 102 | _aKZ | ||
| 105 | _aa z 000 y | ||
| 181 | 0 |
_ai _baxxe |
|
| 182 | 0 | _an | |
| 200 | 1 |
_aАтыс өнері жөніндегі ереже (НСД-38) _eдп. кол пулеметі _fССР Союзыныӊ отан қорғау Халық Комиссариаты _g[ред.: Н. Арыкова] |
|
| 203 |
_aТекст _bвизуальный _cнепосредственный |
||
| 210 |
_aАлматы _cҚазақ мембірікбас _d1942 |
||
| 215 |
_a126 с. _cил. _d16 |
||
| 541 | 1 |
_aНаставление по стрелковому делу (НСД-38) _eручной пулемет ДП _zrus |
|
| 702 | 1 |
_aАрыкова _bН. _4340 |
|
| 942 | _cBOOK | ||
| 945 | _aРоссийская национальная библиотека | ||
| 980 | _aBV | ||
| 980 | _aNB | ||